[Event "World Junior U20 Open 2018"]
[Site "Gebze"]
[Date "2018.09.06"]
[Round "2.28"]
[White "Zhao, Chenxi"]
[Black "Tang, Andrew"]
[Result "0-1"]
[WhiteElo "2275"]
[BlackElo "2489"]
[Annotator "ChessBase"]
[PlyCount "44"]
[EventDate "2018.09.05"]
[EventType "swiss"]
[EventCountry "TUR"]
[SourceTitle "playchess.com"]
[Source "ChessBase"]
[SourceQuality "1"]
[TimeControl "40/5400+30:1800+30"]

1. e4 {[%emt 0:00:30]} e5 {[%emt 0:00:30]} 2. Nf3 {[%emt 0:00:30]} Nc6 {[%emt 0:00:30]} 3. Bb5 {[%emt 0:00:00]} a6 {[%emt 0:00:00]} 4. Ba4 {[%emt 0:00:00]} Nf6 {[%emt 0:00:00]} 5. O-O {[%emt 0:00:00]} d6 {[%emt 0:00:30]} 6. c4 {[%emt 0:02:00]} Bd7 {[%emt 0:10:30]} 7. Nc3 {[%emt 0:00:30]} g6 {[%emt 0:16:30]} 8. d3 {[%emt 0:02:30]} Bg7 {[%emt 0:01:30]} 9. Bg5 {[%emt 0:04:30]} h6 {[%emt 0:02:30]} 10. Be3 {[%emt 0:00:00]} O-O {[%emt 0:02:30]} 11. h3 {[%emt 0:00:00]} g5 {[%emt 0:24:30]} 12. d4 {[%emt 0:02:30]} g4 {[%emt 0:03:30]} 13. hxg4 {[%emt 0:00:30]} exd4 {[%emt 0:06:30]} 14. Bxd4 {[%emt 0:03:30]} Bxg4 {[%emt 0:01:30]} 15. Bxc6 {[%emt 0:00:30]} bxc6 {[%emt 0:00:00]} 16. Qd2 {[%emt 0:05:30]} Bxf3 {[%emt 0:03:00]} 17. gxf3 {[%emt 0:00:30]} Nh5 {[%emt 0:04:30]} 18. Bxg7 {[%emt 0:10:30]} Kxg7 {[%emt 0:00:30]} 19. Rfd1 {[%emt 0:00:30]} Qh4 {[%emt 0:03:29]} 20. Qd4+ {[%emt 0:07:30]} Kh7 {[%emt 0:00:04]} 21. Kf1 {[%emt 0:00:30]} Nf4 {[%emt 0:01:37]} 22. Ke1 {[%emt 0:00:30]} c5 {[%emt 0:00:17]} 0-1

[Event "World Junior U20 Open 2018"]
[Site "Gebze"]
[Date "2018.09.06"]
[Round "2.29"]
[White "Gulden, Egemen"]
[Black "Sindarov, Javokhir"]
[Result "0-1"]
[WhiteElo "2068"]
[BlackElo "2484"]
[Annotator "ChessBase"]
[PlyCount "75"]
[EventDate "2018.09.05"]
[EventType "swiss"]
[EventCountry "TUR"]
[SourceTitle "playchess.com"]
[Source "ChessBase"]
[SourceQuality "1"]
[TimeControl "40/5400+30:1800+30"]

1. e4 {[%emt 0:00:30]} c5 {[%emt 0:00:30]} 2. Nc3 {[%emt 0:00:30]} Nc6 {[%emt 0:00:30]} 3. g3 {[%emt 0:00:30]} g6 {[%emt 0:00:30]} 4. Bg2 {[%emt 0:00:30]} Bg7 {[%emt 0:00:30]} 5. d3 {[%emt 0:00:30]} d6 {[%emt 0:00:30]} 6. Be3 {[%emt 0:00:00]} Nf6 {[%emt 0:02:30]} 7. h3 {[%emt 0:00:00]} O-O {[%emt 0:00:30]} 8. Nge2 {[%emt 0:00:00]} Rb8 {[%emt 0:00:30]} 9. O-O {[%emt 0:02:00]} b5 {[%emt 0:00:30]} 10. Qd2 {[%emt 0:00:30]} b4 {[%emt 0:00:00]} 11. Nd1 {[%emt 0:01:30]} Ba6 {[%emt 0:10:00]} 12. f4 {[%emt 0:04:30]} Nd7 {[%emt 0:03:30]} 13. g4 {[%emt 0:02:30]} Qa5 {[%emt 0:05:30]} 14. Rf2 {[%emt 0:10:30]} Rfc8 {[%emt 0:06:30]} 15. f5 {[%emt 0:04:30]} c4 {[%emt 0:00:30]} 16. fxg6 {[%emt 0:16:30]} fxg6 {[%emt 0:00:30]} 17. Bh6 {[%emt 0:17:30]} cxd3 {[%emt 0:06:30]} 18. cxd3 {[%emt 0:00:30]} Bxh6 {[%emt 0:10:30]} 19. Qxh6 {[%emt 0:00:00]} Nde5 {[%emt 0:00:00]} 20. d4 {[%emt 0:17:06]} Nd3 {[%emt 0:01:00]} 21. Nf4 {[%emt 0:06:32]} Nxf4 {[%emt 0:02:30]} 22. Qxf4 {[%emt 0:00:02]} Rf8 {[%emt 0:00:30]} 23. Qe3 {[%emt 0:00:08]} Qb6 {[%emt 0:01:30]} 24. Rd2 {[%emt 0:03:31]} Rbc8 {[%emt 0:00:30]} 25. e5 {[%emt 0:08:18]} dxe5 {[%emt 0:01:30]} 26. Bd5+ {[%emt 0:00:06]} Kh8 {[%emt 0:00:30]} 27. Bxc6 {[%emt 0:03:00]} Rf1+ {[%emt 0:00:30]} 28. Kh2 {[%emt 0:00:46]} Qxc6 {[%emt 0:00:30]} 29. Qxe5+ {[%emt 0:00:30]} Kg8 {[%emt 0:00:00]} 30. d5 {[%emt 0:00:45]} Qb6 {[%emt 0:00:00]} 31. Kg3 {[%emt 0:00:59]} Rcf8 {[%emt 0:02:30]} 32. d6 {[%emt 0:00:31]} Qg1+ {[%emt 0:02:30]} 33. Kh4 {[%emt 0:00:13]} Re1 {[%emt 0:00:00]} 34. Ne3 {[%emt 0:00:47]} Qxe3 {[%emt 0:02:00]} 35. Rxe1 {[%emt 0:00:43]} Qh6+ {[%emt 0:00:00]} 36. Kg3 {[%emt 0:00:00]} Qxd2 {[%emt 0:00:00]} 37. Qe6+ {[%emt 0:01:05]} Rf7 {[%emt 0:00:30]} 38. Qe4 {[%emt 0:00:28]} 0-1

[Event "World Junior U20 Open 2018"]
[Site "Gebze"]
[Date "2018.09.06"]
[Round "2.30"]
[White "Sargsyan, Shant"]
[Black "Nyambileg, Erdene-Ochir"]
[Result "1-0"]
[WhiteElo "2477"]
[BlackElo "1798"]
[Annotator "ChessBase"]
[PlyCount "71"]
[EventDate "2018.09.05"]
[EventType "swiss"]
[EventCountry "TUR"]
[SourceTitle "playchess.com"]
[Source "ChessBase"]
[SourceQuality "1"]
[TimeControl "40/5400+30:1800+30"]

1. Nf3 {[%emt 0:04:30]} Nf6 {[%emt 0:00:30]} 2. c4 {[%emt 0:00:30]} g6 {[%emt 0:00:30]} 3. Nc3 {[%emt 0:01:30]} Bg7 {[%emt 0:00:30]} 4. e4 {[%emt 0:00:30]} d6 {[%emt 0:00:30]} 5. d4 {[%emt 0:00:30]} O-O {[%emt 0:00:30]} 6. Be2 {[%emt 0:00:30]} e5 {[%emt 0:05:30]} 7. O-O {[%emt 0:00:30]} Nc6 {[%emt 0:02:30]} 8. Be3 {[%emt 0:00:30]} Ng4 {[%emt 0:01:30]} 9. Bg5 {[%emt 0:00:30]} f6 {[%emt 0:01:30]} 10. Bh4 {[%emt 0:00:30]} g5 {[%emt 0:00:30]} 11. Bg3 {[%emt 0:00:30]} Nh6 {[%emt 0:00:30]} 12. dxe5 {[%emt 0:00:30]} dxe5 {[%emt 0:01:30]} 13. Qb3 {[%emt 0:00:30]} Qe8 {[%emt 0:20:30]} 14. Rad1 {[%emt 0:02:30]} Nd8 {[%emt 0:02:30]} 15. c5+ {[%emt 0:05:30]} Be6 {[%emt 0:05:30]} 16. Qc2 {[%emt 0:06:30]} c6 {[%emt 0:01:30]} 17. Nd2 {[%emt 0:01:30]} Qg6 {[%emt 0:11:30]} 18. Nc4 {[%emt 0:02:30]} Nhf7 {[%emt 0:02:30]} 19. Ne3 {[%emt 0:02:30]} h5 {[%emt 0:02:30]} 20. h3 {[%emt 0:00:30]} Nh6 {[%emt 0:01:30]} 21. Rd6 {[%emt 0:00:30]} Re8 {[%emt 0:01:30]} 22. Qd1 {[%emt 0:08:30]} g4 {[%emt 0:03:30]} 23. hxg4 {[%emt 0:02:30]} hxg4 {[%emt 0:01:30]} 24. Bc4 {[%emt 0:00:30]} Bf8 {[%emt 0:00:30]} 25. Rxd8 {[%emt 0:00:30]} Raxd8 {[%emt 0:03:30]} 26. Bxe6+ {[%emt 0:00:30]} Kh8 {[%emt 0:01:30]} 27. Bd7 {[%emt 0:02:30]} Re7 {[%emt 0:05:30]} 28. Bf5 {[%emt 0:00:30]} Qe8 {[%emt 0:01:30]} 29. Qe2 {[%emt 0:01:30]} Rg7 {[%emt 0:00:30]} 30. Bh4 {[%emt 0:01:30]} Be7 {[%emt 0:01:30]} 31. g3 {[%emt 0:00:30]} Rd4 {[%emt 0:02:18]} 32. Kg2 {[%emt 0:00:30]} Qd8 {[%emt 0:01:49]} 33. Rh1 {[%emt 0:00:30]} Kg8 {[%emt 0:05:41]} 34. Be6+ {[%emt 0:00:30]} Nf7 {[%emt 0:01:22]} 35. Nf5 {[%emt 0:00:30]} Rd2 {[%emt 0:04:05]} 36. Qc4 {[%emt 0:00:30]} 1-0

[Event "World Junior U20 Open 2018"]
[Site "Gebze"]
[Date "2018.09.06"]
[Round "2.31"]
[White "Liyanage, Ranindu Dilshan"]
[Black "Harsha Bharathakoti"]
[Result "0-1"]
[WhiteElo "1989"]
[BlackElo "2474"]
[Annotator "TA"]
[PlyCount "72"]
[EventDate "2018.09.05"]
[EventType "swiss"]
[EventCountry "TUR"]
[SourceTitle "playchess.com"]
[Source "ChessBase"]
[SourceQuality "1"]

{[%evp 18,72,9,12,33,22,12,0,0,0,9,-10,-19,-2,-4,-17,12,-62,0,-75,-70,-94,-93,-124,-124,-130,-72,-108,-95,-128,-119,-148,-145,-150,-104,-175,-125,-210,-193,-220,-214,-277,-259,-240,-167,-267,-267,-1098,-1072,-1008,-926,-5298,-5102,-4998,-3109,-29990,-29981]} 1. e4 e6 2. d4 d5 3. Nd2 Be7 4. Ngf3 Nf6 5. e5 Nfd7 6. Bd3 c5 7. O-O {C03: French Tarrasch: Unusual Black 3rd moves} (7. c3 Nc6 8. O-O g5 9. dxc5 Ndxe5 10. Bc2 Ng6 11. b4 O-O 12. Re1 f5 13. Nb3 g4 14. b5 gxf3 15. bxc6 bxc6 16. Qxf3 e5 17. Bh6 {1-0 (51) Mista,A (2595)-Bartel,M (2604) Warsaw 2018}) 7... Nc6 8. Re1 cxd4 9. Nb3 Qb6 10. a4 {[%cal Ba2a4,Ba4a5][%mdl 32] LiveBook: 3 Games} a6 11. a5 Qc7 {[%cal Rd7e5]} 12. Bf4 $146 ({Predecessor:} 12. Nbxd4 Nxa5 13. Ng5 Nxe5 14. Bf4 Bd6 15. Rxa5 Qxa5 16. Bxe5 Bxe5 17. Rxe5 {½-½ (41) Tesik,C (2366)-Toth,E (2473) Hungary 2013}) 12... Bb4 13. Re2 $1 Nc5 14. Nbxd4 Bxa5 15. c3 Nxd3 16. Qxd3 Rb8 17. Rc1 (17. Nxc6 $11 bxc6 18. b4) 17... Bd7 (17... Ne7 $15) 18. Nb3 (18. Nxc6 $1 $11 Qxc6 19. Nd4) 18... Bb6 $17 19. Nfd4 Ne7 20. c4 dxc4 21. Rxc4 {[#]} Bc6 (21... Qd8 $142 $1 22. Rd2 O-O) 22. Qg3 O-O {[%cal Bh8f8,Bf8d8,Bd8d5][%mdl 32]} 23. Nxc6 bxc6 ({But not} 23... Nxc6 $6 24. Bg5 $15) 24. Rec2 Rfd8 {[%cal Rd8d1]} 25. h3 Rd5 26. Qf3 (26. Nd2 $17 {was necessary.}) 26... Qd7 {aiming for ...Rd3.} 27. R4c3 {[#]} (27. Nd2 $17 {was worth a try.}) 27... h6 $1 $19 28. Qe2 a5 29. Nc5 Bxc5 30. Rxc5 Ng6 {[%cal Be7g6,Bg6h4,Bh4f5][%mdl 32]} 31. Bg3 {[#]} (31. Be3 $142) 31... Rxb2 $1 {[%mdl 512] Hoping for ...Rd1+.} 32. Rxc6 $2 (32. Kh2) (32. Rxb2 Rxc5) 32... Rd1+ 33. Kh2 Rbb1 {[%csl Gb1][%cal Rd1h1]} 34. Bh4 Nxh4 35. Rc8+ Kh7 36. R2c7 {[#]} Nf5 $1 {Precision: White = 18%, Black = 48%.} 0-1

[Event "World Junior U20 Open 2018"]
[Site "Gebze"]
[Date "2018.09.06"]
[Round "2.32"]
[White "Fleri, Matthew"]
[Black "Gavrilescu, David"]
[Result "0-1"]
[WhiteElo "1625"]
[BlackElo "2470"]
[Annotator "TA"]
[PlyCount "102"]
[EventDate "2018.09.05"]
[EventType "swiss"]
[EventCountry "TUR"]
[SourceTitle "playchess.com"]
[Source "ChessBase"]
[SourceQuality "1"]

{[%evp 11,102,28,31,0,0,-45,-37,-45,-52,-60,-51,-79,-54,-50,-41,-62,-23,-35,0,4,-15,-31,-29,-56,-29,-35,-46,-107,-65,-66,-46,-37,-36,-86,-81,-81,-77,-105,-111,-114,-111,-102,-105,-116,-116,-116,-111,-165,-153,-167,-161,-179,-180,-156,-154,-256,-249,-308,-298,-295,-300,-403,-400,-387,-339,-304,-233,-827,-809,-968,-1391,-29979,-29980,-29984,-29984,-29984,-29985,-29985,-29984,-29986,-29986,-29987,-29988,-29988,-29989,-29994,-29990,-29991,-29992,-29994,-29992,-29995,-29996]} 1. e4 c5 2. c3 d5 3. exd5 Qxd5 4. d4 Nc6 5. Nf3 Bf5 6. Be3 Nf6 {LiveBook: 194 Games. B22: Sicilian: 2 c3} 7. Bb5 (7. Na3 cxd4 8. Nb5 O-O-O 9. Nfxd4 Ng4 10. Qe2 Nxe3 11. Qxe3 Nxd4 12. Nxd4 e6 13. Be2 Bc5 14. O-O {1-0 (65) Plat,V (2551)-Jojua,D (2591) Heraklio 2017}) 7... cxd4 8. Bxc6+ (8. c4 $5 {[%cal Rc4d5]} Qd6 9. Nxd4 $14) 8... Qxc6 {Black is slightly better.} 9. cxd4 $146 ({Predecessor:} 9. Bxd4 O-O-O 10. O-O e6 11. Qb3 Kb8 12. Na3 Nd7 13. Ng5 Bg6 14. Rfe1 {0-1 (51) Paliy,M (1673)-Kvetny,M (2394) Berlin 2015}) 9... Qa6 10. Nc3 e6 11. a3 Rc8 12. Ne5 Be7 13. Qe2 Qa5 14. O-O O-O (14... Nd5 {looks sharper.} 15. g4 Bg6 16. Bd2 O-O 17. Rfe1 Bf6) 15. g4 Bg6 $1 16. Nxg6 hxg6 17. Rfc1 Rc6 18. b4 Qd8 19. Nb5 (19. g5 $15 Nd5 20. Nxd5 Qxd5 21. Rxc6 Qxc6 22. Rc1) 19... Rxc1+ 20. Rxc1 a6 21. Nc3 a5 22. Rb1 axb4 23. axb4 Qc7 24. Na4 Qc6 25. Nc5 b6 26. b5 Qa8 27. g5 Ne4 28. Nd7 Nc3 $36 {[%cal Be4c3,Bc3b1,Bb1a3][%mdl 2080] Black is in control.} 29. Qe1 (29. Qd3 $17 Nxb1 30. Nxf8) 29... Nxb1 $19 30. Nxf8 Na3 ({Weaker is} 30... Qxf8 31. Qxb1 Qe8 32. Qb3 $11) 31. Nd7 Qd8 32. Ne5 Bxg5 33. Qc1 (33. Qb4 $17 Bxe3 34. fxe3 Qg5+ 35. Kf2 Qxe3+ 36. Kxe3 Nc2+ 37. Kf4 Nxb4 38. Nc4) 33... Bxe3 34. Qxe3 Nxb5 35. Nc6 Qd7 36. d5 exd5 {[%cal Be6d5,Bd5d4,Bd4d3,Bd3d2][%mdl 32]} 37. Qxb6 Qg4+ 38. Kf1 Nc3 39. Qe3 $2 {[#]} (39. Qb8+ Kh7 40. Qg3 Qe2+ 41. Kg2 Qe4+ 42. f3 Qc2+ 43. Qf2) 39... Qc4+ 40. Kg2 Qxc6 41. Qg5 d4+ {Black mates.} 42. f3 Qd7 43. Qd2 d3 44. Kf2 Nb1 45. Qd1 d2 46. Ke3 Na3 47. Ke2 Nc4 48. f4 Qe6+ 49. Kf2 Qe4 50. Qg4 Qd4+ 51. Kg2 Ne3+ {Precision: White = 24%, Black = 72%.} 0-1

[Event "World Junior U20 Open 2018"]
[Site "Gebze"]
[Date "2018.09.06"]
[Round "2.33"]
[White "Agibileg, Uurtsaikh"]
[Black "Van Foreest, Jorden"]
[Result "0-1"]
[WhiteElo "2321"]
[BlackElo "2624"]
[Annotator "TA"]
[PlyCount "66"]
[EventDate "2018.09.05"]
[EventType "swiss"]
[EventCountry "TUR"]
[SourceTitle "playchess.com"]
[Source "ChessBase"]
[SourceQuality "1"]

{[%evp 12,66,-11,-16,0,-27,-32,-31,0,-26,0,0,11,0,0,0,0,6,23,-7,-6,-3,-4,-20,181,195,195,165,178,91,336,358,360,168,180,113,124,127,124,-166,-152,-178,-105,-312,-319,-309,-305,-555,-554,-675,-674,-722,-660,-1258,-1242,-2616,-2054]} 1. d4 Nf6 2. c4 e6 3. Nc3 Bb4 4. a3 Bxc3+ 5. bxc3 b6 6. e3 {[%cal Be2e3,Be3e4][%mdl 32]} Nc6 {E43: Nimzo-Indian: Rubinstein: 4...b6} (6... Bb7 7. f3 d6 8. Bd3 Nbd7 9. Ne2 e5 10. Ng3 O-O 11. O-O Re8 12. Ra2 Nf8 13. Raf2 d5 14. cxd5 Nxd5 {½-½ (29) Kriebel,T (2462)-Plat,V (2510) Bohuslavice 2017}) 7. Bd3 {LiveBook: 5 Games} Na5 8. Nf3 Ba6 {Black has an edge.} 9. Nd2 c5 10. O-O Rc8 11. e4 $146 ({Predecessor:} 11. Qe2 cxd4 12. cxd4 Qc7 13. Bb2 Bxc4 14. Rfc1 {0-1 (26) Schmalisch,B-Bender,L (2016) Berlin 2017}) 11... O-O 12. Qe2 cxd4 13. cxd4 d6 14. Bb2 Nd7 15. Rac1 e5 16. Qe3 $36 {[%mdl 2048] White is pushing.} Qe7 17. f4 Rc7 $2 (17... exd4 $11 18. Qxd4 (18. Bxd4 Nc5 $11) 18... f6) 18. c5 $1 $18 {[%cal Rc5d6]} Bxd3 19. cxd6 $1 (19. Qxd3 bxc5 20. dxe5 dxe5 $15) 19... Qxd6 20. dxe5 (20. Qxd3 Rxc1 21. Rxc1 Nc5 $15) (20. fxe5 $18 Nxe5 21. dxe5) 20... Qe6 $2 (20... Qe7 $16) 21. Rxc7 Bxf1 22. f5 ({Less strong is} 22. Kxf1 Nc5 $16) (22. Nxf1 $142 Nc5 23. f5 (23. Rxa7 Rc8 $14)) 22... Qa2 23. Qc3 ({Better is} 23. Bc3 $1 $18 Bb5 24. e6 fxe6 25. Qg5) 23... Bb5 $16 {[#]} 24. e6 $1 {[%csl Gb2][%cal Rc3g7]} Nf6 25. e7 $2 {[%mdl 8192]} (25. Qb4 $16 {is forced if you want to stay better. Threatens to win with e5.} Bc6 26. Bxf6 gxf6 27. Qc3) 25... Re8 $19 26. g4 {[#]} Nc4 $1 {[%mdl 512]} 27. Rxc4 $2 (27. Nxc4 $17 Qb1+ 28. Qc1 Qxe4 29. Nd6 Qxg4+ 30. Kf2) 27... Bxc4 28. g5 Nh5 {White must now prevent ...Bb5.} ({Inferior is} 28... Rxe7 29. gxf6 Re8 30. fxg7 $14 (30. Nxc4 $2 Rc8 $19)) 29. Qd4 $2 (29. Nxc4 {was worth a try.} Qb1+ 30. Kf2 Qxe4 31. f6) 29... Bb5 {Black is clearly winning.} 30. Qe5 a6 31. f6 {[#]} Nf4 $1 32. h4 (32. Qxf4 Qxb2) 32... Nd3 33. Qd5 Qxb2 {Precision: White = 44%, Black = 45%.} 0-1

[Event "World Junior U20 Open 2018"]
[Site "Gebze"]
[Date "2018.09.06"]
[Round "2.34"]
[White "Martirosyan, Haik M"]
[Black "Urazayev, Arystanbek"]
[Result "1-0"]
[WhiteElo "2597"]
[BlackElo "2333"]
[Annotator "TA"]
[PlyCount "101"]
[EventDate "2018.09.05"]
[EventType "swiss"]
[EventCountry "TUR"]
[SourceTitle "playchess.com"]
[Source "ChessBase"]
[SourceQuality "1"]

{[%evp 12,101,8,8,17,0,12,8,28,6,60,48,127,120,112,118,197,52,75,54,93,111,101,98,171,147,146,151,151,131,133,124,249,186,193,196,395,450,464,463,443,446,452,391,372,223,206,265,557,523,553,545,534,520,689,267,840,452,452,410,448,446,431,445,669,683,659,656,693,633,603,598,619,583,1177,1140,1390,1278,1488,1497,1491,1395,1212,1171,29975,29974,29976,5197,29990,29990,29985,29986]} 1. d4 Nf6 2. c4 e6 3. Nf3 d5 4. Nc3 dxc4 5. e3 a6 6. a4 Nc6 7. Bxc4 {LiveBook: 10 Games} b6 {D20: Queen's Gambit Accepted: 3 e3 and 3 e4} (7... Bb4 8. O-O O-O 9. Qe2 h6 10. Rd1 Qe7 11. h3 Bd6 12. e4 e5 13. Nd5 Nxd5 14. exd5 Nxd4 15. Nxd4 exd4 16. Qxe7 Bxe7 {½-½ (29) Semcesen,D (2457)-Hillarp Persson,T (2523) Vasteras 2016}) 8. O-O Na5 9. Ba2 $146 ({Predecessor:} 9. Bd3 Bb7 10. e4 Bb4 11. Qc2 h6 12. Bf4 Be7 13. Rad1 {1-0 (35) Sobek,J (2245)-Mares,J (2290) Czechia 1998}) 9... Bb7 {The position is equal.} 10. Qe2 c5 (10... Bb4 $11) 11. Rd1 $14 {Hoping for dxc5.} Qb8 (11... Qc7 $14) 12. e4 $16 {[%cal Be3e4,Be4e5][%mdl 32]} cxd4 13. Nxd4 Bd6 {[#]} (13... Qe5 $16) 14. Nf3 (14. e5 $1 $18 {[%mdl 512]} Bxe5 15. Nxe6 $1 {[%mdl 512]} fxe6 16. f4) 14... Bc5 $14 15. Bg5 O-O 16. Bxf6 $1 gxf6 17. e5 $1 {Strongly threatening Ne4.} Rd8 (17... Bxf3 $16 18. Qxf3 Qxe5) 18. Ne4 $18 ({Worse is} 18. exf6 Qf4 $11) 18... Bxe4 19. Qxe4 Be7 20. Qh4 Kg7 21. Re1 {Black must now prevent Re4.} Ra7 (21... Rd7 $16) 22. Qg4+ Kh8 23. Qh5 $1 $40 {[%mdl 128] White has strong attack.} Kg7 $2 (23... Nc6 24. exf6 (24. Qxf7 Nxe5 25. Nxe5 fxe5 $16) 24... Bxf6) 24. Re4 f5 {[#]} 25. Ng5 $1 {[%mdl 512]} Bxg5 26. Qxg5+ Kf8 27. Qh6+ Ke8 28. Ree1 (28. Re3 $142) 28... Nc6 29. Qxh7 Rad7 $2 (29... Qb7 {might work better.} 30. Rac1 b5 31. axb5 axb5) 30. Qh8+ Ke7 31. Qf6+ Ke8 32. h4 Rd4 {[#]} 33. h5 $2 (33. Bxe6 $1 {[%mdl 512]} fxe6 34. Qxe6+ Ne7 35. Qf6) 33... Re4 $2 (33... Qb7 34. h6 Qe7) 34. Rxe4 fxe4 35. Bxe6 $1 fxe6 36. Qxe6+ Ne7 {[#]} 37. Qf6 $1 Nd5 (37... Qc7 $142 38. h6 Nd5 39. Qh8+ Kd7 40. Qh7+ Kc8 41. Qxe4 Kb8) 38. Qg6+ Ke7 39. Qxe4 Qc8 40. Qh7+ Ke6 41. Qg6+ Ke7 42. Qg5+ Ke6 {Black hopes to continue with ...Rg8.} 43. Rc1 Qd7 44. h6 {[%cal Bh5h6,Bh6h7][%mdl 32]} Rf8 45. Qg6+ Kxe5 46. Re1+ Kd4 47. h7 Qd8 48. Rd1+ Kc5 {[#]} 49. Qe6 (49. b4+ $142 $1 {[%mdl 512]} Kxb4 50. Qc6 Qc8 51. Rb1+ Ka3 52. Qxd5 Qc2 53. Ra1+ Kb4 54. Qd6+ Ka5 55. Qxf8 Qxh7 56. Qe8) 49... a5 50. Rc1+ Kd4 51. Qe2 {Precision: White = 70%, Black = 28%.} 1-0

[Event "World Junior U20 Open 2018"]
[Site "Gebze"]
[Date "2018.09.06"]
[Round "2.35"]
[White "Petrosyan, Manuel"]
[Black "Tuncer, Tuna"]
[Result "1-0"]
[WhiteElo "2581"]
[BlackElo "2342"]
[Annotator "TA"]
[PlyCount "211"]
[EventDate "2018.09.05"]
[EventType "swiss"]
[EventCountry "TUR"]
[SourceTitle "playchess.com"]
[Source "ChessBase"]
[SourceQuality "1"]

{[%evp 10,211,15,5,68,31,169,172,151,160,158,140,170,170,161,165,143,151,175,133,218,174,185,191,215,108,108,107,125,125,114,115,125,125,125,120,125,125,128,128,128,131,133,133,130,125,129,127,146,129,146,146,146,40,146,106,146,146,155,155,155,70,155,127,160,130,131,100,103,88,123,100,128,20,123,112,112,110,348,318,345,324,483,308,314,307,308,218,235,157,131,155,153,64,107,105,87,33,33,33,33,0,0,0,33,33,36,37,37,0,0,0,40,0,0,0,111,0,119,119,120,120,123,65,102,116,65,56,521,488,443,42,695,666,29970,29971,29979,29975,29974,29964,29963,29964,6110,29955,29978,29979,29994,29971,29976,29977,29977,29978,29978,29979,29979,29980,29979,29980,29981,29982,29980,29981,29980,29981,29981,29979,29982,29983,29985,29986,29986,29981,29980,29982,29983,29983,29983,29982,29982,29983,29982,29979,29979,29980,29980,29981,29980,29977,29978,29974,29973,29974,29973,29971,29970,29968,29969,29970,29968,29968,12845,12212,29963,5916]} 1. d4 f5 2. c4 Nf6 3. Nf3 e6 4. Nc3 b6 5. g3 Bb7 6. Bg2 {LiveBook: 49 Games. A84: Dutch Defence: 2 c4 Miscellaneous} d5 (6... Bb4 $11) (6... Bb4 7. Bd2 O-O 8. O-O Qe7 9. Rc1 d6 10. d5 e5 11. Ng5 Nbd7 12. a3 Bxc3 13. Rxc3 Nc5 14. Qc2 h6 15. b4 hxg5 16. bxc5 {1-0 (39) Riazantsev,A (2666)-Predke,A (2601) Cheliabinsk 2017}) 7. Bg5 h6 $146 (7... Be7 $14) ({Predecessor:} 7... Be7 8. Bxf6 Bxf6 9. O-O O-O 10. cxd5 exd5 11. b4 c6 12. Qb3 a6 13. a4 Kh8 {1-0 (36) Maltsevskaya,A (2279)-Yakimenko,V (2078) Yaroslavl 2018}) 8. Bxf6 $1 $18 {White is clearly better.} Qxf6 9. Ne5 c6 10. cxd5 exd5 11. Qa4 Kd8 12. O-O Bd6 13. f4 a5 14. Qb3 Nd7 (14... b5 $16 15. Rac1 a4) 15. e3 Qe6 16. Rac1 Ke7 17. Nxd7 (17. g4 $18) 17... Qxd7 $16 18. Na4 (18. Qxb6 $2 a4 $19) 18... b5 19. Nb6 Qe6 20. Nxa8 Rxa8 21. a4 b4 22. Rf2 Kd7 23. Bf1 Kc7 24. Rfc2 Kb6 25. Qd3 g6 26. Be2 Rc8 27. Kf2 Be7 28. b3 Rc7 29. Rg1 h5 30. h3 Bc8 31. Qd2 (31. h4 $16) 31... Bb7 (31... h4 $1 $14) 32. Bd3 Bc8 33. Qe2 Bd7 34. Qf3 Rc8 35. Ke1 (35. Rgc1 $16) 35... Re8 (35... c5 $14) 36. Kd2 Ka7 37. Rcc1 Bd8 38. Bf1 Bb6 39. Qe2 Kb8 40. Qf2 Qf6 {Black wants to play ...Rxe3.} 41. Be2 (41. Bg2 $1 $16) 41... Qe7 (41... Qd6 $1 $11) 42. Bf3 c5 43. Rge1 Be6 $2 (43... c4 $16 {keeps fighting.}) 44. dxc5 $18 Bxc5 45. Qe2 Bd7 (45... Ka7 {might work better.} 46. Qb5 Bb6) 46. Bxd5 {And now Qa6 would win.} Qd6 47. Qd3 Rd8 48. Bf3 Qb6 49. Ke2 ({Wrong is} 49. Qd5 $2 Bc6 $19) 49... Bxa4 50. Qxd8+ $1 Qxd8 51. bxa4 ({White should play} 51. Rxc5 $16 Bxb3 52. Ra1) 51... Qb6 52. Red1 $1 {[%cal Rd1d5] Rd5 is the strong threat.} b3 53. Rd3 (53. Bd5 $1 $16) 53... b2 $14 54. Rb1 Kc7 55. Rc3 Kd8 56. Bd5 Be7 57. Rb3 Qa6+ $1 58. Rd3 Qf6 59. Rb3 Qa6+ 60. Rd3 Qf6 61. Bc4+ Kc7 {Hoping for ...Qc6.} 62. Bb5 $36 {[%mdl 2048] aiming for Rb3. White fights for an advantage.} Bb4 (62... g5 $1 $11) 63. Rb3 (63. h4 $16) 63... h4 (63... Qe6 $1 $11 {remains equal.} 64. R1xb2 (64. R3xb2 Bc5 $11) 64... Qe4) 64. R3xb2 $16 hxg3 65. Rc2+ Kb8 66. Kf3 (66. Rbc1 $1 $16 Bd6 67. Bc6) 66... Qe7 {Threatens to win with ...Qe4+.} 67. Bc6 g5 68. Rd1 {Black must now prevent fxg5.} g4+ $2 {[%mdl 8192]} ({Black should try} 68... g2 $1 $14) 69. hxg4 $18 fxg4+ {[#]} 70. Kxg4 $2 (70. Ke2 $1 $18) 70... Bd6 $2 {[%mdl 8192]} (70... Qxe3 $14 71. Rd8+ Kc7 72. Rd7+ Kc8) 71. Kf3 Bc5 72. Be4 Bb6 73. Rb2 Ka7 74. Rbd2 Qc5 75. Rd7+ Kb8 76. R1d3 Bc7 77. Rh7 Qc1 78. Kxg3 Qg1+ 79. Kf3 Qf1+ 80. Kg4 Qg1+ 81. Kf5 Qg8 82. Rdd7 Qe8 83. Bd5 (83. Rxc7 Qg6+ 84. Ke5 Qe6+ 85. Kd4 Qc4+ 86. Ke5 Qe6+ 87. Kd4 Qc4+ 88. Ke5 Qe6+ $11) 83... Qf8+ 84. Kg4 Qf6 85. Be4 (85. Rxc7 Qxf4+ 86. Kh5 Qg5+ 87. Kxg5 $11) 85... Qa1 86. Rdg7 Qd1+ 87. Bf3 Qd8 88. Kg3 ({Inferior is} 88. Rxc7 Qg5+ 89. Kh3 Qg3+ 90. Kxg3 $11) 88... Qf8 89. Bg4 ({Worse is} 89. Rxc7 Qxf4+ 90. Kf2 Qg3+ 91. Ke2 Qf2+ 92. Kd3 Qxe3+ 93. Kc4 Qxf3 $11) 89... Qc5 90. Rg8+ Ka7 91. Bf3 Kb6 92. Rh6+ Bd6 93. Rgg6 Qxe3 94. Rxd6+ Kc5 95. Rhe6 Qg1+ 96. Bg2 Kb4 97. Re4+ Kc3 98. Rd5 Qa7 99. Ree5 Qg7+ 100. Rg5 Qa7 101. Rc5+ Kb4 102. Bf3 Qe7 103. Rce5 Qa7 104. Re4+ Ka3 105. Bg2 Qg1 106. Rxa5 {Precision: White = 51%, Black = 35%.} (106. Rd5 $142 Kb2 107. Rxa5 Qd1 108. Re3 Qd2 109. Rae5 Qd4 110. Rb5+ Kc2 111. Be4+ Kd1 112. Rd3+ Kc1 {[#]} 113. Rb1+ $1 {[%mdl 512]} Kxb1 114. Rxd4+ Kb2 115. Rd3) 1-0